Ядерные технологии. Проблемы терроризма. Нераспространение ядерных материалов: учебное пособие

Detalles Bibliográficos
Autor Corporativo: Томский политехнический университет (ТПУ)
Outros autores: Бойко В. И. Владимир Ильич, Кошелев Ф. П. Феликс Петрович, Селиваникова О. В. Ольга Валерьевна, Демянюк Д. Г. Дмитрий Георгиевич
Summary:Заглавие с титульного экрана
Электронная версия печатной публикации
В учебном пособии систематизирован материал по истории создания ядерного оружия; даны сравнительные характеристики различных источников энергии; описаны состояние и перспективы ядерной энергетики в мире; рассмотрены ядерные технологии, использующиеся в мирных целях на благо человечества; изложены основные проблемы ядерного, радиационного и информационно-экологического терроризма. Пособие разработано в рамках реализации Инновационной образовательной программы ТПУ по направлению «Атомная энергетика, ядерный топливный цикл, безопасное обращение с радиоактивными отходами и отработанным ядерным топливом, обеспечение безопасности и противодействиетерроризму» и предназначено для магистрантов, обучающихся по направлению «Физико-технические проблемы атомной энергетики»
Режим доступа: из корпоративной сети ТПУ
Idioma:ruso
Publicado: Томск, Изд-во ТПУ, 2008
Subjects:
Acceso en liña:http://www.lib.tpu.ru/fulltext2/m/2010/m146.pdf
Formato: Electrónico Libro
KOHA link:https://koha.lib.tpu.ru/cgi-bin/koha/opac-detail.pl?biblionumber=184074

MARC

LEADER 00000nlm0a2200000 4500
001 184074
005 20240128150426.0
035 |a (RuTPU)RU\TPU\book\199554 
090 |a 184074 
100 |a 20100826d2008 k y0rusy50 ca 
101 0 |a rus 
102 |a RU 
105 |a a j 001zy 
135 |a vrcn ---uucaa 
181 0 |a i  
182 0 |a b 
200 1 |a Ядерные технологии. Проблемы терроризма. Нераспространение ядерных материалов  |e учебное пособие  |f В. И. Бойко [и др.]  |g Томский политехнический университет (ТПУ) 
203 |a Текст  |c электронный 
210 |a Томск  |c Изд-во ТПУ  |d 2008 
300 |a Заглавие с титульного экрана 
300 |a Электронная версия печатной публикации 
330 |a В учебном пособии систематизирован материал по истории создания ядерного оружия; даны сравнительные характеристики различных источников энергии; описаны состояние и перспективы ядерной энергетики в мире; рассмотрены ядерные технологии, использующиеся в мирных целях на благо человечества; изложены основные проблемы ядерного, радиационного и информационно-экологического терроризма. Пособие разработано в рамках реализации Инновационной образовательной программы ТПУ по направлению «Атомная энергетика, ядерный топливный цикл, безопасное обращение с радиоактивными отходами и отработанным ядерным топливом, обеспечение безопасности и противодействиетерроризму» и предназначено для магистрантов, обучающихся по направлению «Физико-технические проблемы атомной энергетики» 
333 |a Режим доступа: из корпоративной сети ТПУ 
337 |a Adobe Reader 
452 1 |0 (RuTPU)RU\TPU\book\194744  |y 5-98298-1893  |t Ядерные технологии. Проблемы терроризма. Нераспространение ядерных материалов  |o учебное пособие  |f В. И. Бойко [и др.]  |g Томский политехнический университет (ТПУ)  |c М.  |n Изд-во ТПУ  |d 2008  |p 450 с. 
606 1 |a Ядерные реакторы  |2 stltpush  |3 (RuTPU)RU\TPU\subj\21616  |9 46573 
606 1 |a Атомная энергия  |x Использование в мирных целях  |2 stltpush  |3 (RuTPU)RU\TPU\subj\29679  |9 52957 
610 1 |a ядерный топливный цикл 
610 1 |a ядерное оружие 
610 1 |a ядерные материалы 
610 1 |a источники энергии 
610 1 |a органическое топливо 
610 1 |a энергия 
610 1 |a возобновляемые источники 
610 1 |a ядерная энергетика 
610 1 |a ресурсы 
610 1 |a чрезвычайные ситуации 
610 1 |a террористические акции 
610 1 |a ядерный терроризм 
610 1 |a международное сотрудничество 
610 1 |a ядерные технологии 
610 1 |a мирное использование 
610 1 |a промышленность 
610 1 |a медицина 
610 1 |a сельское хозяйство 
610 1 |a активационный анализ 
610 1 |a ядерные взрывы 
610 1 |a радиационный терроризм 
610 1 |a радиация 
610 1 |a воздействие на организм 
610 1 |a радиоактивные материалы 
610 1 |a Чернобыльская авария 
610 1 |a информационно-экологический терроризм 
610 1 |a оружие массового уничтожения 
610 1 |a нераспространение 
610 1 |a международно-правовые режимы 
610 1 |a учебные пособия 
610 1 |a труды учёных ТПУ 
610 1 |a электронный ресурс 
675 |a 621.039.5(075.8)  |v 3 
675 |a 621.039.9(075.8)  |v 3 
701 1 |a Бойко  |b В. И.  |c российский физик-ядерщик, доктор физико-математических наук  |c профессор Томского политехнического университета  |f 1943-  |g Владимир Ильич  |3 (RuTPU)RU\TPU\pers\21949  |4 070 
701 1 |a Кошелев  |b Ф. П.  |c российский ученый, специалист в области ядерной безопасности  |c доцент Томского политехнического университета, кандидат технических наук  |f 1940-  |g Феликс Петрович  |3 (RuTPU)RU\TPU\pers\26457  |4 070 
701 1 |a Селиваникова  |b О. В.  |c специалист в области ядерных технологий  |c старший преподаватель Томского политехнического университета  |f 1977-  |g Ольга Валерьевна  |3 (RuTPU)RU\TPU\pers\26441  |9 12144 
701 1 |a Демянюк  |b Д. Г.  |c российский ученый, специалист в области физико-энергетических установок  |c доцент Томского политехнического университета, кандидат технических наук  |f 1976-  |g Дмитрий Георгиевич  |3 (RuTPU)RU\TPU\pers\26449  |4 070 
712 0 2 |a Томский политехнический университет (ТПУ)  |c (1991-2009)  |3 (RuTPU)RU\TPU\col\376 
801 1 |a RU  |b 63413507  |c 20100826 
801 2 |a RU  |b 63413507  |c 20150908  |g RCR 
856 4 |u http://www.lib.tpu.ru/fulltext2/m/2010/m146.pdf 
942 |c CF